000
00362nam a2200133Ia 4500
003
GCL
008
140319s9999 xx 000 0 ara d
040
_a
GCL /
_c
GCL
082
0
4
_a
810.9
_b
ا ن
245
1
0
_a
النقد الادبى
260
_a
[S.N] :
_b
دار الفكر للدراسات والنشر والتوزيع ،
_c
1990
300
_a
153 ص
490
_a
999
_c
28807
_d
28807